| 000 | 00777nam a2200217 a 4500 | ||
|---|---|---|---|
| 005 | 20260319064225.0 | ||
| 008 | 141003s1999 mx r 000 0 spa d | ||
| 020 | _a9683680755 | ||
| 035 | _aUPN01000199975 | ||
| 049 | _aCG | ||
| 050 | 4 |
_aLB2333 _bH3.2 |
|
| 245 | 0 | 1 |
_a¿Hacia una nueva cultura de la evaluación de los académicos? / _ccoord. Mario Rueda. |
| 260 |
_aMéxico : _bUNAM, Coordinación de Humanidades, Centro de Estudios sobre la Universidad, _c1999. |
||
| 300 |
_a220 p. : _bcuadros |
||
| 440 | 0 |
_aPensamiento universitario ; _v88. _pTercera época |
|
| 650 | 4 |
_aMAESTROS UNIVERSITARIOS - _xCLASIFICACION - _zMEXICO _913172 |
|
| 650 | 4 |
_aMaestros _xExámenes y certificación _9761 |
|
| 700 | 1 |
_aRueda, Mario , _ecoord. |
|
| 905 | _aLibro | ||
| 999 |
_c172076 _d172076 |
||